All Generation 3 Pokemon Moves - Statistics

General Stats
  • This quiz has been taken 22 times
  • The average score is 43 of 103
Answer Stats
Hint Answer % Correct
normal facade
79%
water muddy water
79%
ground mud shot
79%
rock rock tomb
79%
water water spout
79%
fire blaze kick
71%
water dive
71%
fighting focus punch
71%
grass leaf blade
71%
fighting bulk up
64%
steel doom desire
64%
dragon dragon claw
64%
ice hail
64%
grass ingrain
64%
steel iron defense
64%
steel meteor mash
64%
electric shock wave
64%
bug silver wind
64%
fighting sky uppercut
64%
grass bullet seed
57%
psychic calm mind
57%
dragon dragon dance
57%
fire eruption
57%
grass frenzy plant
57%
fire heat wave
57%
normal helping hand
57%
water hydro cannon
57%
ground mud sport
57%
fire overheat
57%
psychic psycho boost
57%
water water sport
57%
flying aerial ace
50%
normal assist
50%
fire blast burn
50%
psychic cosmic power
50%
normal howl
50%
psychic mist ball
50%
poison poison tail
50%
ground sand tomb
50%
normal secret power
50%
ice sheer cold
50%
normal spit up
50%
normal stockpile
50%
normal swallow
50%
water water pulse
50%
normal weather ball
50%
ice ice ball
43%
grass needle arm
43%
ghost shadow punch
43%
normal teeter dance
43%
fire will-o-wisp
43%
flying air cutter
36%
electric charge
36%
normal crush claw
36%
normal endeavor
36%
psychic extrasensory
36%
normal fake out
36%
normal hyper voice
36%
ice icicle spear
36%
dark knock off
36%
psychic luster purge
36%
dark memento
36%
poison poison fang
36%
normal slack off
36%
normal smelling salts
36%
fighting superpower
36%
psychic trick
36%
normal uproar
36%
normal yawn
36%
grass aromatherapy
29%
ghost astonish
29%
normal block
29%
fighting brick break
29%
dark fake tears
29%
normal follow me
29%
grass grass whistle
29%
psychic imprison
29%
normal nature power
29%
fighting revenge
29%
electric volt tackle
29%
normal covet
21%
flying feather dance
21%
dark flatter
21%
ghost grudge
21%
grass magical leaf
21%
psychic magic coat
21%
steel metal sound
21%
normal odor sleuth
21%
normal recycle
21%
normal refresh
21%
bug signal beam
21%
psychic skill swap
21%
dark snatch
21%
normal wish
21%
flying bounce
14%
normal camouflage
14%
rock rock blast
14%
dark taunt
14%
dark torment
14%
bug tail glow
7%
normal tickle
7%
fighting am thrust
0%
psychic role play
0%
No matching quizzes found
Score Distribution
Percent of People with Each Score
Percentile by Number Answered
Your Score History
You have not taken this quiz